[Event "XXXIV Memorial Edoardo Crespi B"]
[Site "Milano ITA"]
[Date "2013.12.04"]
[Round "1"]
[White "Viotti, Alberto"]
[Black "Bianchi, Angelo Massimo"]
[WhiteElo "1609"]
[BlackElo "1783"]
[Result "1-0"]
[PlyCount "113"]
[EventDate "2013.12.04"]

1. d4 Nf6 2. Nf3 g6 3. Bg5 Bg7 4. c3 d6 5. e3 O-O 6. Bd3 c5 7. O-O Qc7 8. Nbd2
e5 9. Ne4 Nbd7 10. Qe2 Nxe4 11. Bxe4 Nf6 12. Bc2 Be6 13. dxe5 dxe5 14. Nd2 Rad8
15. Ne4 Nd7 16. Bxd8 Rxd8 17. Rfd1 h6 18. Rd2 f5 19. Ng3 e4 20. Bb3 c4 21. Bc2
Ne5 22. f3 Rxd2 23. Qxd2 exf3 24. Rd1 Qc5 25. Qd8+ Kh7 26. Qd4 f2+ 27. Kf1 Qb5
28. Nxf5 gxf5 29. Qd6 Qe8 30. Qd8 Qxd8 31. Rxd8 Ng4 32. Re8 Bd7 33. Re7 Bc8 34.
h3 Nf6 35. Rc7 Nd5 36. Rxc8 Nxe3+ 37. Kxf2 Nxc2 38. Rc7 f4 39. Rxb7 Ne3 40.
Rxa7 Nd1+ 41. Kf3 Nxb2 42. Kxf4 Nd3+ 43. Ke3 Kg6 44. Rc7 Nb2 45. Kd2 Be5 46.
Rc6+ Kg5 47. Kc2 Nd3 48. Rxc4 Nf4 49. a4 h5 50. Rc5 Kf6 51. a5 Nxg2 52. a6 Bb8
53. Rxh5 Kg6 54. Rb5 Ba7 55. Rb7 Bg1 56. a7 Bxa7 57. Rxa7 1-0

[Event "XXXIV Memorial Edoardo Crespi B"]
[Site "Milano ITA"]
[Date "2013.12.05"]
[Round "2"]
[White "Altissimo, Dino"]
[Black "Russo, Luca"]
[WhiteElo "1474"]
[BlackElo "1593"]
[Result "0-1"]
[PlyCount "144"]
[EventDate "2013.12.04"]

1. e4 e6 2. d4 d5 3. e5 c5 4. c3 Qb6 5. Nf3 Bd7 6. Be2 Bb5 7. O-O Bxe2 8. Qxe2
Qa6 9. Qd1 Nc6 10. Nbd2 Nge7 11. dxc5 Qd3 12. Nb3 Qxd1 13. Rxd1 Ng6 14. Re1 Be7
15. Bd2 O-O 16. Re2 Rac8 17. Rae1 Nb8 18. Be3 Nd7 19. Na5 Nxc5 20. Bxc5 Bxc5
21. Nxb7 Be7 22. Na5 Rc7 23. Nb3 Rfc8 24. Nbd4 a5 25. g3 a4 26. a3 Rb8 27. Kg2
Bc5 28. Rd1 Ne7 29. h3 Nc8 30. Rc2 Nb6 31. Rb1 Nc4 32. Re2 Nxa3 33. Ra1 Nc4 34.
Rxa4 Nxb2 35. Ra2 Nc4 36. Nd2 Nxd2 37. Rexd2 Be7 38. Rdc2 h5 39. f4 g6 40. Ra6
Bc5 41. Rc6 Rxc6 42. Nxc6 Rc8 43. Na5 Bb4 44. Nb3 Rxc3 45. Rxc3 Bxc3 46. Kf3
Kf8 47. Nc1 Ke7 48. Ne2 Bb2 49. Ke3 Kd7 50. g4 hxg4 51. hxg4 g5 52. Kd3 gxf4
53. Nd4 Kc7 54. Nf3 Kc6 55. Ng5 Bxe5 56. Nxf7 Bg7 57. Ng5 e5 58. Ne6 e4+ 59.
Ke2 Be5 60. Ng5 Kd6 61. Nh3 Bd4 62. Nxf4 Ke5 63. Nh3 Kf6 64. Nf4 Ke5 65. Nh3
Bc5 66. Ng5 d4 67. Nh3 d3+ 68. Kd2 Kd4 69. g5 e3+ 70. Kd1 e2+ 71. Ke1 Bb4+ 72.
Kf2 e1=Q+ 0-1

[Event "XXXIV Memorial Edoardo Crespi B"]
[Site "Milano ITA"]
[Date "2013.12.05"]
[Round "2"]
[White "Baronio, Gaia"]
[Black "Trent, Alan M."]
[WhiteElo "1591"]
[BlackElo "1700"]
[Result "0-1"]
[PlyCount "97"]
[EventDate "2013.12.04"]

1. e4 g6 2. d4 c6 3. c4 d5 4. cxd5 cxd5 5. e5 Nc6 6. Nc3 e6 7. Nf3 Bd7 8. Bd3
a6 9. a3 Rc8 10. O-O Qb6 11. Be2 Nh6 12. b4 Nxe5 13. Nxe5 Rxc3 14. Be3 Rc7 15.
Nxd7 Rxd7 16. Rc1 Bg7 17. Rc8+ Rd8 18. Qc2 O-O 19. Rxd8 Rxd8 20. Bd3 Ng4 21. h3
Nxe3 22. fxe3 Qd6 23. Qf2 Qc7 24. Qf3 Rf8 25. Qe2 Qc3 26. b5 axb5 27. Bxb5 Qxa3
28. Qf2 Bh6 29. Re1 Qb4 30. Bf1 Rc8 31. Qg3 Qb6 32. Qf2 Rc3 33. Qg3 Rc8 34. Qf2
Qd6 35. Qh4 Bg7 36. Qf2 e5 37. Rb1 b6 38. Qg3 f5 39. Qf2 exd4 40. exd4 Re8 41.
Bd3 Qe6 42. Bb5 Re7 43. Ra1 Kf7 44. Kh1 h5 45. Ba4 Qe3 46. Qa2 Qe6 47. Bb3 Rd7
48. Ba4 Rd6 49. Bc2 0-1

[Event "XXXIV Memorial Edoardo Crespi B"]
[Site "Milano ITA"]
[Date "2013.12.05"]
[Round "2"]
[White "Bianchi, Angelo Massimo"]
[Black "Bonghi, Fabrizio"]
[WhiteElo "1783"]
[BlackElo "1513"]
[Result "1-0"]
[PlyCount "87"]
[EventDate "2013.12.04"]

1. e4 e6 2. d4 d5 3. Nc3 c5 4. exd5 exd5 5. Bb5+ Nc6 6. dxc5 d4 7. Nce2 Bxc5 8.
Nf3 Bg4 9. Bxc6+ bxc6 10. Nfxd4 Qb6 11. c3 Bxe2 12. Qxe2+ Ne7 13. Be3 O-O 14.
O-O Nd5 15. Rab1 Rae8 16. Qd3 Nxe3 17. fxe3 Re5 18. Rf5 Rxf5 19. Qxf5 g6 20.
Qf3 f5 21. b4 Bxd4 22. exd4 Re8 23. Qd3 Qc7 24. Qc4+ Kg7 25. d5 Re4 26. Qxc6
Qf4 27. Qc5 Qd2 28. Qf2 Re2 29. Qd4+ Qxd4+ 30. cxd4 Rd2 31. Rc1 Rxd4 32. Rc7+
Kh6 33. Rxa7 Rxd5 34. a4 Kg5 35. b5 Rd1+ 36. Kf2 h5 37. Re7 Ra1 38. Ra7 Kf4 39.
g3+ Ke4 40. b6 Ra2+ 41. Ke1 Kd3 42. Ra5 Re2+ 43. Kf1 Rxh2 44. b7 1-0

[Event "XXXIV Memorial Edoardo Crespi B"]
[Site "Milano ITA"]
[Date "2013.12.05"]
[Round "2"]
[White "Bianchi, Paolo"]
[Black "Andolfatto, Maria"]
[WhiteElo "1692"]
[BlackElo "1496"]
[Result "1/2-1/2"]
[PlyCount "91"]
[EventDate "2013.12.04"]

1. Nf3 d5 2. d4 e6 3. e3 Nf6 4. c4 a6 5. Nc3 Be7 6. Bd3 dxc4 7. Bxc4 b5 8. Be2
Bb7 9. O-O O-O 10. a3 c5 11. dxc5 Bxc5 12. b4 Bb6 13. Bb2 Nbd7 14. Nd2 Bc7 15.
Bf3 Bxf3 16. Nxf3 Nb6 17. Qe2 Nc4 18. a4 Rb8 19. axb5 axb5 20. Nxb5 Nxb2 21.
Nxc7 Qxc7 22. Qxb2 Nd5 23. b5 Qb6 24. Nd4 e5 25. Nf3 Qxb5 26. Qxe5 Rfe8 27. Qf5
g6 28. Qb1 Qxb1 29. Rfxb1 Rxb1+ 30. Rxb1 Kg7 31. g4 Kf6 32. Ra1 Re6 33. g5+ Kg7
34. Ra5 Ne7 35. Kg2 h6 36. gxh6+ Kxh6 37. Re5 Rxe5 38. Nxe5 f6 39. Ng4+ Kg5 40.
h3 f5 41. f4+ Kh4 42. Ne5 Kh5 43. Kf3 g5 44. fxg5 Kxg5 45. Kg3 Nd5 46. Nc4
1/2-1/2

[Event "XXXIV Memorial Edoardo Crespi B"]
[Site "Milano ITA"]
[Date "2013.12.05"]
[Round "2"]
[White "Bracco, Valter"]
[Black "Da Campo, Giuseppe"]
[WhiteElo "1492"]
[BlackElo "1628"]
[Result "0-1"]
[PlyCount "40"]
[EventDate "2013.12.04"]

1. e4 e6 2. d4 d5 3. exd5 exd5 4. Nf3 Bd6 5. Be2 Bf5 6. O-O Nf6 7. Bd3 Bxd3 8.
Qxd3 O-O 9. Nc3 c6 10. Re1 Nbd7 11. Bd2 Qc7 12. h3 Rfe8 13. Qf1 Ne4 14. Re2 f5
15. a3 Ndf6 16. b4 Re7 17. Nd1 Rae8 18. Re1 Nxd2 19. Rxe7 Nxf3+ 20. gxf3 Rxe7
0-1

[Event "XXXIV Memorial Edoardo Crespi B"]
[Site "Milano ITA"]
[Date "2013.12.05"]
[Round "2"]
[White "Cagnotto, Marco"]
[Black "Bertora, Silvano"]
[WhiteElo "1494"]
[BlackElo "1632"]
[Result "1-0"]
[PlyCount "118"]
[EventDate "2013.12.04"]

1. e4 Nf6 2. e5 Ne4 3. d3 Nc5 4. d4 Nca6 5. Nf3 d6 6. exd6 exd6 7. Bc4 Be7 8.
O-O c6 9. Nc3 Nc7 10. Re1 d5 11. Bd3 Nd7 12. Bg5 Nf6 13. Bxf6 gxf6 14. Nh4 Be6
15. a3 Qd7 16. Qd2 h6 17. Qe2 O-O-O 18. Bf5 Rhg8 19. Bxe6 fxe6 20. Nf5 Bf8 21.
Ne3 Rg5 22. f4 Rg7 23. Rf1 Bd6 24. Rf2 f5 25. b4 Rdg8 26. Qd2 h5 27. Raf1 Rg6
28. Rf3 h4 29. Rh3 Qd8 30. Rf2 Kb8 31. Qe2 Ne8 32. Rf1 Qb6 33. Qd2 Qd8 34. Qe2
Nf6 35. Qd2 Ng4 36. Nxg4 fxg4 37. Re3 Qc7 38. Ne2 Rf6 39. g3 hxg3 40. hxg3 Qh7
41. Kf2 Rh6 42. Ke1 Rh2 43. Rxe6 Bc7 44. Qe3 a6 45. Qd3 Qh3 46. Qe3 Rh8 47.
Re8+ Rxe8 48. Qxe8+ Ka7 49. Qe3 a5 50. c3 Ka6 51. Qd3+ b5 52. Qg6 Kb7 53. Qd3
axb4 54. axb4 Rh1 55. Rxh1 Qxh1+ 56. Kd2 Qa1 57. f5 Qa8 58. f6 Qf8 59. Qf5 Qh6+
1-0

[Event "XXXIV Memorial Edoardo Crespi B"]
[Site "Milano ITA"]
[Date "2013.12.05"]
[Round "2"]
[White "Carli, Federico"]
[Black "Paletta, Giuseppe"]
[WhiteElo "1518"]
[BlackElo "1705"]
[Result "1-0"]
[PlyCount "89"]
[EventDate "2013.12.04"]

1. e4 c5 2. c3 Nf6 3. e5 Nd5 4. d4 e6 5. Nf3 Be7 6. Be2 a6 7. O-O cxd4 8. cxd4
b5 9. Nc3 Bb7 10. Nxd5 Bxd5 11. Be3 Nc6 12. a3 O-O 13. Rc1 Na5 14. Bd2 Nb3 15.
Rc3 Nxd2 16. Qxd2 Rb8 17. b4 Re8 18. Rfc1 Bxf3 19. Bxf3 Bg5 20. Qb2 Bxc1 21.
Rxc1 g6 22. g3 Qe7 23. Bg2 f6 24. f4 fxe5 25. dxe5 Rec8 26. Rd1 Rc7 27. Be4 Qe8
28. Rd6 Qc8 29. Kg2 Rc3 30. Qb1 Kg7 31. Qd1 Rc7 32. h4 Qe8 33. Qg4 Rc4 34. Bd3
Rc3 35. h5 Rb7 36. f5 Rxd3 37. f6+ Kh8 38. Rxd3 Rc7 39. Rf3 Qf7 40. hxg6 hxg6
41. Qe4 Rc6 42. g4 d5 43. exd6 Qb7 44. Rh3+ Kg8 45. Qxg6+ 1-0

[Event "XXXIV Memorial Edoardo Crespi B"]
[Site "Milano ITA"]
[Date "2013.12.05"]
[Round "2"]
[White "Ceraulo, Carlo Alberto"]
[Black "Ragoso, Mario"]
[WhiteElo "1508"]
[BlackElo "1645"]
[Result "1-0"]
[PlyCount "40"]
[EventDate "2013.12.04"]

1. d4 e6 2. c4 Nf6 3. Nc3 b6 4. e4 d6 5. Bg5 Bb7 6. Bd3 Be7 7. Nf3 Nbd7 8. O-O
h6 9. Bh4 Nh7 10. Bg3 Bf6 11. e5 Bxf3 12. Qxf3 dxe5 13. Bxh7 Rxh7 14. dxe5 Be7
15. Rad1 Qc8 16. a3 a5 17. Nb5 Rb8 18. Qc6 Qd8 19. Nxc7+ Kf8 20. Rxd7 Qc8 1-0

[Event "XXXIV Memorial Edoardo Crespi B"]
[Site "Milano ITA"]
[Date "2013.12.05"]
[Round "2"]
[White "Colica, Daniele"]
[Black "Viotti, Alberto"]
[WhiteElo "1701"]
[BlackElo "1609"]
[Result "1-0"]
[PlyCount "77"]
[EventDate "2013.12.04"]

1. e4 c6 2. Nc3 d5 3. Nf3 dxe4 4. Nxe4 Bf5 5. Ng3 Bg4 6. h3 Bxf3 7. Qxf3 Nf6 8.
Bc4 e6 9. O-O Be7 10. c3 O-O 11. d4 Nbd7 12. Re1 Nd5 13. Bb3 b5 14. Bc2 N7f6
15. b3 Qc7 16. Bb2 c5 17. Ne4 cxd4 18. Rac1 dxc3 19. Nxc3 Nxc3 20. Bxc3 Qb6 21.
Re5 Rfd8 22. Rg5 Kf8 23. Bxh7 Rac8 24. Bd3 Qd6 25. Bxb5 Rxc3 26. Qxc3 e5 27.
Qxe5 Qxe5 28. Rxe5 Ba3 29. Rc7 Bd6 30. Rec5 Bxc5 31. Rxc5 Rd1+ 32. Kh2 Rd2 33.
Rc8+ Ke7 34. Rc7+ Kf8 35. Rxa7 Rxf2 36. a4 Rb2 37. Bc4 Ne4 38. Rxf7+ Ke8 39.
Rxg7 1-0

[Event "XXXIV Memorial Edoardo Crespi B"]
[Site "Milano ITA"]
[Date "2013.12.05"]
[Round "2"]
[White "Del Frate, Walter"]
[Black "Gonella, Graziano"]
[WhiteElo "1539"]
[BlackElo "1155"]
[Result "1-0"]
[PlyCount "80"]
[EventDate "2013.12.04"]

1. e4 e5 2. Nf3 Nc6 3. Bc4 f5 4. d3 Nf6 5. Nc3 Na5 6. Nxe5 Nxc4 7. Nxc4 d6 8.
O-O Be7 9. exf5 Bxf5 10. Ne3 Bg6 11. Ned5 O-O 12. Nxe7+ Qxe7 13. Re1 Qd7 14. b3
c6 15. Bb2 b5 16. Ne2 Rfe8 17. Qd2 c5 18. Bxf6 gxf6 19. Nf4 Rxe1+ 20. Rxe1 Re8
21. Nd5 Rxe1+ 22. Qxe1 Kf7 23. Qe3 b4 24. h3 Bf5 25. Qf3 Qe6 26. Ne3 Bg6 27. g4
Ke7 28. Nd5+ Kf7 29. Ne3 Qe5 30. Qb7+ Qe7 31. Qxe7+ Kxe7 32. f4 Bf7 33. Kg2 d5
34. Kf3 h5 35. Nf5+ Ke6 36. Ng7+ Kd6 37. Nxh5 f5 38. Ng7 fxg4+ 39. hxg4 Ke7 40.
Nf5+ Ke6 1-0

[Event "XXXIV Memorial Edoardo Crespi B"]
[Site "Milano ITA"]
[Date "2013.12.05"]
[Round "2"]
[White "Fantina, Carla"]
[Black "Aloe, Giancarlo"]
[WhiteElo "1437"]
[BlackElo "1711"]
[Result "0-1"]
[PlyCount "80"]
[EventDate "2013.12.04"]

1. c4 Nf6 2. g3 c6 3. Bg2 e6 4. e4 g6 5. e5 Nh5 6. Nf3 d5 7. d4 Nd7 8. c5 b6 9.
b4 a5 10. Bd2 axb4 11. Bxb4 bxc5 12. dxc5 Ba6 13. Qd2 Bc4 14. a3 Nxc5 15. Bxc5
Bxc5 16. a4 Ng7 17. Nc3 Nf5 18. Rb1 Qa5 19. Bf1 Bxf1 20. Kxf1 Bb4 21. Rc1 c5
22. Qc2 Rc8 23. Na2 O-O 24. Qb3 Rb8 25. Nxb4 Rxb4 26. Qa3 c4 27. Kg2 Rxa4 28.
Qb2 Rb4 29. Qc3 Qc5 30. Rb1 Rfb8 31. Rxb4 Rxb4 32. Rc1 d4 33. Qa3 Qb6 34. Qa8+
Kg7 35. Qe8 c3 36. g4 Nh6 37. Qe7 Nxg4 38. Ng5 Qb7+ 39. Qxb7 Rxb7 40. h3 Nxe5
0-1

[Event "XXXIV Memorial Edoardo Crespi B"]
[Site "Milano ITA"]
[Date "2013.12.05"]
[Round "2"]
[White "Giovarruscio, Gabriele"]
[Black "Frignani, Alessandro"]
[WhiteElo "1683"]
[BlackElo "1369"]
[Result "1-0"]
[PlyCount "111"]
[EventDate "2013.12.04"]

1. d4 d5 2. c4 c6 3. Nf3 Nf6 4. e3 g6 5. Bd3 Bg7 6. O-O Be6 7. Nbd2 Nbd7 8. b3
Qc7 9. h3 h6 10. Bb2 g5 11. Qc2 g4 12. hxg4 Nxg4 13. Bf5 Ndf6 14. Bxe6 fxe6 15.
Qg6+ Kf8 16. Ne5 Nxe5 17. dxe5 Nd7 18. f4 Qd8 19. Qxe6 Nc5 20. Qf5+ Kg8 21. Rf3
e6 22. Qg6 Qe8 23. Rg3 Qxg6 24. Rxg6 Kf7 25. Rg3 Rag8 26. Kh2 Bf8 27. Rxg8 Rxg8
28. Bd4 b6 29. cxd5 cxd5 30. Rc1 a5 31. g3 Be7 32. Kh3 Kg6 33. g4 Rh8 34. Kg3
h5 35. g5 h4+ 36. Kh3 Bd8 37. Bxc5 bxc5 38. Rxc5 Bb6 39. Rc3 Kf5 40. a4 d4 41.
exd4 Bxd4 42. Rc4 Be3 43. Nf3 Bxf4 44. Nd4+ Kxe5 45. Nc6+ Kf5 46. Nxa5 e5 47.
Nc6 Bg3 48. a5 e4 49. Nd4+ Kxg5 50. Ne2 Kf5 51. Nxg3+ hxg3+ 52. Kxg3 Rg8+ 53.
Kf2 Rh8 54. Kg1 Rb8 55. Ra4 Ra8 56. b4 1-0

[Event "XXXIV Memorial Edoardo Crespi B"]
[Site "Milano ITA"]
[Date "2013.12.05"]
[Round "2"]
[White "Gorini, Michele"]
[Black "Costanza, Calogero"]
[WhiteElo "1486"]
[BlackElo "1598"]
[Result "1-0"]
[PlyCount "95"]
[EventDate "2013.12.04"]

1. Nf3 b6 2. g3 Bb7 3. Bg2 d6 4. d4 e6 5. O-O Ne7 6. Bg5 h6 7. Bd2 Nd7 8. c4 g6
9. Bc3 Bg7 10. d5 e5 11. e4 O-O 12. Bd2 Qe8 13. Nc3 a6 14. Nh4 Rd8 15. Qc1 Kh7
16. f4 Bc8 17. fxe5 Nxe5 18. Nf3 Nxf3+ 19. Rxf3 Bg4 20. Rf2 g5 21. Qc2 Bd4 22.
Raf1 f5 23. Nd1 Bxf2+ 24. Nxf2 Qg6 25. h3 Bh5 26. exf5 Qf6 27. g4 Be8 28. Bc3
Qf7 29. f6+ Ng6 30. Re1 Kg8 31. Be4 Ne5 32. Bxe5 dxe5 33. Bf5 Qxf6 34. Ne4 Qg7
35. Ng3 Rd6 36. Ne4 Rd8 37. Ng3 Kh8 38. Re3 Qe7 39. Qe2 Qc5 40. Kg2 b5 41. Rxe5
Qxc4 42. Qe3 Bf7 43. Be6 Qc2+ 44. Ne2 Qg6 45. Qd4 Kh7 46. Bf5 Bxd5+ 47. Rxd5
Rxd5 48. Bxg6+ 1-0

[Event "XXXIV Memorial Edoardo Crespi B"]
[Site "Milano ITA"]
[Date "2013.12.05"]
[Round "2"]
[White "Iacchetti, Giovanni"]
[Black "Conta, Diego"]
[WhiteElo "1728"]
[BlackElo "1652"]
[Result "1-0"]
[PlyCount "57"]
[EventDate "2013.12.04"]

1. c4 Nf6 2. Nc3 d5 3. cxd5 Nxd5 4. g3 Nb6 5. Nf3 g6 6. Bg2 Bg7 7. O-O O-O 8.
d3 Nc6 9. a3 a6 10. Be3 Bf5 11. Rc1 Rc8 12. b4 Bxc3 13. Rxc3 Nd5 14. Rc1 Nxe3
15. fxe3 Qd7 16. Ng5 h6 17. Ne4 b6 18. Nf2 Nd8 19. e4 Be6 20. d4 f6 21. d5 Bf7
22. Bh3 f5 23. Nd3 e6 24. Ne5 Qd6 25. Nxf7 Rxf7 26. dxe6 Qxe6 27. Qd3 Re7 28.
exf5 Qxe2 29. Qd5+ 1-0

[Event "XXXIV Memorial Edoardo Crespi B"]
[Site "Milano ITA"]
[Date "2013.12.05"]
[Round "2"]
[White "Izzo, Riccardo"]
[Black "Tomarchio, Cono"]
[WhiteElo "1601"]
[BlackElo "1471"]
[Result "1-0"]
[PlyCount "79"]
[EventDate "2013.12.04"]

1. d4 e6 2. e4 Nf6 3. Nc3 Bb4 4. Bd3 O-O 5. Bg5 h6 6. Bh4 Be7 7. Bxf6 Bxf6 8.
e5 Bg5 9. g3 Nc6 10. f4 Be7 11. Nf3 f6 12. Qe2 fxe5 13. dxe5 Nb4 14. Bg6 b6 15.
a3 Ba6 16. Qd2 Bb7 17. Rf1 Nd5 18. Nxd5 Bxd5 19. h4 d6 20. Nd4 c5 21. Nf3 Bc6
22. O-O-O dxe5 23. Nxe5 Be8 24. Qe2 Qc8 25. Rfe1 a6 26. Qg4 Bf6 27. Rd6 Bxe5
28. Rxe5 Bxg6 29. Qxg6 Rf6 30. Qe4 Kf7 31. Rxb6 Rb8 32. Qc6 Rg6 33. Qxc8 Rxc8
34. Re3 Rd8 35. Rxa6 Rd5 36. Rc6 Rf6 37. a4 g5 38. hxg5 hxg5 39. Rf3 Rh6 40.
fxg5+ 1-0

[Event "XXXIV Memorial Edoardo Crespi B"]
[Site "Milano ITA"]
[Date "2013.12.05"]
[Round "2"]
[White "Lachat, Martin"]
[Black "Pollio, Ciro"]
[WhiteElo "1663"]
[BlackElo "1764"]
[Result "0-1"]
[PlyCount "54"]
[EventDate "2013.12.04"]

1. c4 c6 2. Nc3 d5 3. cxd5 cxd5 4. d4 Nf6 5. Nf3 Nc6 6. e3 Bg4 7. Be2 e6 8. O-O
Bd6 9. Nb5 Bb8 10. Bd2 a6 11. Nc3 Qd6 12. g3 O-O 13. Nh4 Bxe2 14. Qxe2 b5 15.
Nf3 Qd7 16. Kg2 Ba7 17. a3 Bb6 18. b4 Ne4 19. Nxe4 dxe4 20. Ng5 Qd5 21. f4 h6
22. Nh3 Nxd4 23. Qg4 Nf5 24. Qe2 Rfd8 25. Rad1 Qb3 26. Nf2 Rd3 27. g4 Nxe3+ 0-1

[Event "XXXIV Memorial Edoardo Crespi B"]
[Site "Milano ITA"]
[Date "2013.12.05"]
[Round "2"]
[White "Lamperti, Gianloris"]
[Black "Versari, Marino"]
[WhiteElo "1636"]
[BlackElo "1600"]
[Result "1-0"]
[PlyCount "105"]
[EventDate "2013.12.04"]

1. d4 d5 2. c4 e6 3. Nc3 Nf6 4. Nf3 c5 5. Bg5 cxd4 6. Nxd4 Be7 7. e3 O-O 8. Qc2
e5 9. Nf3 d4 10. exd4 exd4 11. Rd1 Nc6 12. a3 Bg4 13. Be2 Qb6 14. Bxf6 Bxf6 15.
Nd5 Qd8 16. O-O Re8 17. Rd2 Bxf3 18. Nxf6+ Qxf6 19. Bxf3 Rad8 20. h3 Re5 21. b4
Rg5 22. Rd3 Ne5 23. Bxb7 Nxd3 24. Qxd3 Qe7 25. Bd5 Rdxd5 26. cxd5 Rxd5 27. Rc1
g6 28. Kf1 Qb7 29. Rc4 Qd7 30. Ke1 Kf8 31. Kd2 Ke8 32. Qe4+ Kd8 33. Qh4+ Ke8
34. Kd3 Qf5+ 35. Qe4+ Qxe4+ 36. Kxe4 Rd6 37. Rxd4 Ra6 38. Rd3 Ke7 39. Kd4 Rc6
40. Rc3 Kd7 41. Rxc6 Kxc6 42. a4 a6 43. f4 f6 44. g4 Kd6 45. h4 Kc6 46. f5 gxf5
47. gxf5 Kd6 48. h5 h6 49. b5 a5 50. b6 Kc6 51. b7 Kxb7 52. Kd5 Kc7 53. Ke6 1-0

[Event "XXXIV Memorial Edoardo Crespi B"]
[Site "Milano ITA"]
[Date "2013.12.05"]
[Round "2"]
[White "Lapitan, Eusebio"]
[Black "Alidosi, Marco"]
[WhiteElo "1668"]
[BlackElo "1781"]
[Result "1-0"]
[PlyCount "65"]
[EventDate "2013.12.04"]

1. e4 e6 2. Nf3 c5 3. b4 cxb4 4. a3 Nc6 5. axb4 Nxb4 6. c3 Nc6 7. Ba3 Bxa3 8.
Nxa3 a6 9. Nb5 d5 10. e5 Nh6 11. Nd6+ Kf8 12. d4 Nf5 13. Nxc8 Rxc8 14. Qb3 Qc7
15. Bd3 Nce7 16. Rc1 b5 17. O-O g6 18. Qa3 Qb7 19. Rc2 Kg7 20. Qc1 Rhf8 21. Qg5
h6 22. Qf4 Kh7 23. h4 Ng7 24. g4 Ng8 25. Kg2 f5 26. Rh1 fxg4 27. Qxg4 Qf7 28.
Ng5+ hxg5 29. hxg5+ Nh6 30. Rxh6+ Kg8 31. Bxg6 Qf4 32. Bh7+ Kh8 33. Bf5+ 1-0

[Event "XXXIV Memorial Edoardo Crespi B"]
[Site "Milano ITA"]
[Date "2013.12.05"]
[Round "2"]
[White "Macri', Vincenzo Roberto"]
[Black "Calabrese, Maurizio"]
[WhiteElo "1561"]
[BlackElo "1434"]
[Result "1-0"]
[PlyCount "38"]
[EventDate "2013.12.04"]

1. e4 e5 2. d4 Nf6 3. dxe5 Nxe4 4. Qd5 Ng5 5. f4 c6 6. Qd3 Ne6 7. f5 Qa5+ 8.
Nc3 Qxe5+ 9. Be2 Nc5 10. Qh3 Be7 11. Nf3 Qc7 12. O-O Nba6 13. Nd4 Bf6 14. Be3
b5 15. Rad1 Bb7 16. Bf4 Qd8 17. Bd6 Be7 18. Qe3 Kf8 19. Qg3 Bxd6 1-0

[Event "XXXIV Memorial Edoardo Crespi B"]
[Site "Milano ITA"]
[Date "2013.12.05"]
[Round "2"]
[White "Manca, Renato"]
[Black "D'Apa, Massimo"]
[WhiteElo "1629"]
[BlackElo "1724"]
[Result "0-1"]
[PlyCount "90"]
[EventDate "2013.12.04"]

1. d4 Nf6 2. Nc3 d6 3. e4 g6 4. f4 Bg7 5. Nf3 O-O 6. Bd3 Nbd7 7. O-O c5 8. e5
Ne8 9. Ng5 cxd4 10. Nce4 dxe5 11. fxe5 Nxe5 12. Be2 f5 13. Nc5 Qb6 14. Nd3 Nxd3
15. Bxd3 h6 16. Nf3 Nd6 17. Nh4 Ne4 18. Kh1 Bd7 19. Bc4+ Kh7 20. Nf3 Bb5 21.
Bxb5 Qxb5 22. Bf4 e5 23. Bg3 Nxg3+ 24. hxg3 Rad8 25. a4 Qd5 26. Ra3 e4 27. Ne1
Qd6 28. Kh2 f4 29. gxf4 Rxf4 30. Rxf4 Qxf4+ 31. g3 Qf2+ 32. Ng2 Rd5 33. g4 h5
34. Rh3 Kg8 35. gxh5 Rxh5 36. Rxh5 gxh5 37. Qxh5 Qf7 38. Qc5 e3 39. Qc8+ Qf8
40. Qe6+ Kh8 41. Qh3+ Bh6 42. Nxe3 dxe3 43. Qh5 Kh7 44. b4 Qf2+ 45. Kh3 e2 0-1

[Event "XXXIV Memorial Edoardo Crespi B"]
[Site "Milano ITA"]
[Date "2013.12.05"]
[Round "2"]
[White "Mazzoccoli, Simone"]
[Black "Borgognoni, Domenico"]
[WhiteElo "1770"]
[BlackElo "1518"]
[Result "1/2-1/2"]
[PlyCount "70"]
[EventDate "2013.12.04"]

1. e4 c5 2. Nc3 e6 3. g3 a6 4. Bg2 Nc6 5. Nge2 d6 6. d4 cxd4 7. Nxd4 Bd7 8. Be3
Nf6 9. O-O Be7 10. h3 O-O 11. Qd2 Nxd4 12. Bxd4 Bc6 13. Be3 Qd7 14. Rad1 Rfd8
15. Bb6 Re8 16. Qe3 Rac8 17. e5 Bxg2 18. Kxg2 Qc6+ 19. Kg1 dxe5 20. a3 Nd5 21.
Nxd5 exd5 22. Ba5 Bf6 23. c3 Qb5 24. Qb6 Qxb6 25. Bxb6 Rc6 26. Be3 Rd8 27. f4
g6 28. fxe5 Bxe5 29. Bf4 Re6 30. Bxe5 Rxe5 31. Rfe1 Rxe1+ 32. Rxe1 d4 33. Rd1
Kg7 34. Rxd4 Re8 35. Kf2 Re7 1/2-1/2

[Event "XXXIV Memorial Edoardo Crespi B"]
[Site "Milano ITA"]
[Date "2013.12.05"]
[Round "2"]
[White "Milazzo, Gianluca"]
[Black "Botta, Massimiliano"]
[WhiteElo "1485"]
[BlackElo "1695"]
[Result "0-1"]
[PlyCount "68"]
[EventDate "2013.12.04"]

1. c4 c6 2. Nf3 d5 3. g3 Nf6 4. Bg2 Bf5 5. b3 Nbd7 6. Bb2 e6 7. O-O Bd6 8. d3
Qc7 9. cxd5 exd5 10. Nbd2 O-O-O 11. Qc2 Rhg8 12. e4 Be6 13. Rfe1 g5 14. e5 h5
15. exd6 Qxd6 16. Ne5 h4 17. Qc3 hxg3 18. fxg3 Nh7 19. Ndf3 g4 20. Nh4 Ng5 21.
Re2 Nh3+ 22. Kh1 f5 23. Nhg6 Nxe5 24. Nxe5 f4 25. Rd2 fxg3 26. hxg3 Rh8 27.
Bxh3 Rxh3+ 28. Rh2 Rxg3 29. Rg1 d4 30. Qe1 Bd5+ 31. Rgg2 Bxg2+ 32. Rxg2 Rxg2
33. Kxg2 Re8 34. Nc4 Qd5+ 0-1

[Event "XXXIV Memorial Edoardo Crespi B"]
[Site "Milano ITA"]
[Date "2013.12.05"]
[Round "2"]
[White "Poletto, Daniele"]
[Black "Mandelli, Giacomo"]
[WhiteElo "1752"]
[BlackElo "1677"]
[Result "1-0"]
[PlyCount "113"]
[EventDate "2013.12.04"]

1. c4 d6 2. e4 Nf6 3. Nc3 e5 4. g3 g6 5. Bg2 Bg7 6. Nge2 Be6 7. d3 Nc6 8. O-O
O-O 9. h3 Qc8 10. Kh2 Nd4 11. Nxd4 exd4 12. Nd5 Re8 13. Bg5 Bxd5 14. cxd5 Nd7
15. Qd2 a5 16. Bh6 Bh8 17. f4 f5 18. Rae1 Nc5 19. h4 Qd7 20. Bh3 Kf7 21. exf5
gxf5 22. Qd1 Kg6 23. Bg5 Re3 24. Rxe3 dxe3 25. h5+ Kf7 26. d4 Re8 27. Re1 e2
28. Rxe2 Rxe2+ 29. Qxe2 Bxd4 30. h6 c6 31. dxc6 Qe6 32. Qxe6+ Nxe6 33. cxb7 Ba7
34. Bxf5 Nc5 35. Bxh7 Nxb7 36. Bc2 Bd4 37. b3 Nc5 38. Bd8 Bc3 39. Kh3 Ne6 40.
Bb6 d5 41. Kg4 Nd4 42. Bd3 Nc6 43. Kf3 Nd4+ 44. Ke3 Ne6 45. g4 Bb2 46. Bxa5
Bc1+ 47. Bd2 d4+ 48. Ke2 Nxf4+ 49. Bxf4 Bxf4 50. h7 Kg7 51. a4 Bd6 52. Kf3 Bb4
53. Ke4 Bc3 54. Kd5 Kh8 55. Kc4 Kg7 56. b4 Kh8 57. a5 1-0

[Event "XXXIV Memorial Edoardo Crespi B"]
[Site "Milano ITA"]
[Date "2013.12.05"]
[Round "2"]
[White "Pozzi, Luca"]
[Black "Nordio, Giorgio"]
[WhiteElo "1738"]
[BlackElo "1666"]
[Result "0-1"]
[PlyCount "50"]
[EventDate "2013.12.04"]

1. e4 c6 2. d4 d5 3. exd5 cxd5 4. Bd3 Nc6 5. c3 g6 6. Be3 Bg7 7. Nf3 Nh6 8. h3
f6 9. O-O O-O 10. Re1 Nf7 11. Bf4 e5 12. Bg3 e4 13. Bxe4 dxe4 14. Rxe4 Bf5 15.
Re1 Re8 16. Rxe8+ Qxe8 17. Nbd2 Qd7 18. Qf1 Re8 19. Nb3 b6 20. Rd1 Nd6 21. Bh2
Bh6 22. d5 Ne5 23. Nfd4 Bd3 24. Rxd3 Nxd3 25. Ne6 Nxb2 0-1

[Event "XXXIV Memorial Edoardo Crespi B"]
[Site "Milano ITA"]
[Date "2013.12.05"]
[Round "2"]
[White "Primerano, Carlo"]
[Black "Ricci, Leonardo"]
[WhiteElo "1723"]
[BlackElo "1621"]
[Result "0-1"]
[PlyCount "80"]
[EventDate "2013.12.04"]

1. d4 Nf6 2. c4 g6 3. Nc3 Bg7 4. e4 d6 5. f3 O-O 6. Be3 e5 7. d5 Nh5 8. Nge2 f5
9. exf5 gxf5 10. Qd2 f4 11. Bf2 Nd7 12. Ne4 Nhf6 13. N2c3 b6 14. Bd3 Nc5 15.
Bc2 Nfxe4 16. Nxe4 Qe7 17. O-O-O a5 18. Qe1 Nxe4 19. fxe4 Kh8 20. Ba4 Qg5 21.
Kb1 Qxg2 22. Rd3 Qg6 23. Rg1 Qh6 24. h4 Bf6 25. Bd1 Bd7 26. Bg4 Bxg4 27. Rxg4
Rg8 28. Rxg8+ Rxg8 29. a3 Qh5 30. b4 axb4 31. axb4 Rg4 32. Rh3 Kg7 33. Qd1 Kg6
34. Qa4 Rg2 35. Qe8+ Kh6 36. Qxh5+ Kxh5 37. Bxb6 cxb6 38. c5 bxc5 39. bxc5 dxc5
40. Rd3 Rg7 0-1

[Event "XXXIV Memorial Edoardo Crespi B"]
[Site "Milano ITA"]
[Date "2013.12.05"]
[Round "2"]
[White "Scotti, Luigi"]
[Black "Mason, Giovanni"]
[WhiteElo "1470"]
[BlackElo "1574"]
[Result "1-0"]
[PlyCount "39"]
[EventDate "2013.12.04"]

1. d4 Nf6 2. Nf3 c6 3. c4 e6 4. Nc3 g6 5. e4 d6 6. Bd3 Bg7 7. O-O O-O 8. Bg5
Qc7 9. Re1 b6 10. Qd2 e5 11. d5 Bg4 12. Be2 Bxf3 13. Bxf3 Na6 14. a3 Nc5 15.
Qc2 a5 16. dxc6 a4 17. Bxf6 Bxf6 18. Nd5 Qxc6 19. Nxf6+ Kg7 20. Nd5 1-0